| 000 | 00000nam##2200000za#4500 |
| 001 | 9.643258 |
| 003 | CaOODSP |
| 005 | 20210624224103 |
| 007 | cr ||||||||||| |
| 008 | 150407|1994||||xxc|||||o f|0| 0 fre|d |
| 040 | |aCaOODSP|bfre |
| 043 | |an-cn--- |
| 086 | 1 |aA53-1902/1994F-PDF |
| 110 | 1 |aCanada. |bAgriculture et agroalimentaire Canada. |bDirection générale de la recherche. |
| 245 | 10|aSerriculture en terre et hors sol des concombres sans graines / |h[ressource électronique]|c[par] A.P. Papadopoulos. |
| 260 | |aOttawa - Ontario : |bAgriculture et Agroalimentaire Canada. |c1994. |
| 500 | |aPublication historique numérisée par Agriculture et Agroalimentaire Canada. |
| 590 | |a14-11-Supp|b2014-05-21 |
| 691 | 07|aCultures maraîchères|2gcpds |
| 691 | 07|aExploitation agricole|2gcpds |
| 691 | 07|aSerre|2gcpds |
| 775 | 08|tGrowing greenhouse seedless cucumbers in soil and in soilless media / |w(CaOODSP)9.699280 |
| 776 | 0#|tSerriculture en terre et hors sol des concombres sans graines / |w(CaOODSP)9.679191 |
| 856 | 40|ahttp://publications.gc.ca|qPDF|s8.8 Mo|uhttps://publications.gc.ca/collections/collection_2014/aac-aafc/agrhist/A53-1902-1994-fra.pdf |
| 986 | |a1902/F |